[Event "Abu Dhabi (14eme open)"]
[Site "?"]
[Date "2005.08.14"]
[Round "1"]
[White "Pourkashiyan Atousa"]
[Black "Iuldachev Saidali"]
[Result "0-1"]
[WhiteElo "2261"]
[BlackElo "2541"]
[PlyCount "86"]
[EventDate "2005.??.??"]
[Source "www.chesslib.no"]
[SourceDate "2004.05.04"]

1. e4 e5 2. Nf3 Nc6 3. Bc4 Nf6 4. d4 exd4 5. O-O Nxe4 6. Re1 d5 7. Bxd5 Qxd5 8. Nc3 Qa5 9. Nxe4 Be6 10. Bd2 Qd5 11. Bg5 Be7 12. Bxe7 Kxe7 13. Qd3 Rad8 14. Qa3+ Kd7 15. c3 Kc8 16. cxd4 Kb8 17. Nc3 Qd6 18. Qxd6 Rxd6 19. Rad1 Rhd8 20. Ne4 Rd5 21. Neg5 Nxd4 22. Nxd4 Rxd4 23. Rxd4 Rxd4 24. Nxe6 fxe6 25. Kf1 Rd6 26. Re3 Rd1+ 27. Ke2 Rb1 28. Rxe6 Rxb2+ 29. Ke3 b5 30. Re7 Rxa2 31. Rxg7 b4 32. Kd3 Rxf2 33. Kc4 a5 34. Rxh7 Rxg2 35. Rh5 Ra2 36. h4 Kb7 37. Rh8 Rc2+ 38. Kb3 Rc3+ 39. Kb2 Rh3 40. h5 a4 41. h6 Rh2+ 42. Kb1 a3 43. h7 b3 0-1

[Event "Martinez Acosta A"]
[Site "Martinez Acosta A"]
[Date "1995.??.??"]
[Round "?"]
[White "Strand, Torgeir"]
[Black "Ivanovskis, Jevgenis"]
[Result "1/2-1/2"]
[WhiteElo "2370"]
[BlackElo "2430"]
[PlyCount "51"]
[EventDate "1995.??.??"]
[Source "www.chesslib.no"]
[SourceDate "2004.05.04"]

1. e4 e5 2. Nf3 Nc6 3. Bc4 Nf6 4. d4 exd4 5. O-O Nxe4 6. Re1 d5 7. Bxd5 Qxd5 8. Nc3 Qa5 9. Nxe4 Be6 10. Bd2 Bb4 11. Nxd4 Nxd4 12. c3 Be7 13. cxd4 Qd5 14. Qa4+ c6 15. Nc3 Qd7 16. Bf4 b5 17. Qc2 O-O 18. Rad1 Rfe8 19. a3 a5 20. h3 a4 21. d5 cxd5 22. Qd3 b4 23. Nxd5 Bxd5 24. Qxd5 Qxd5 25. Rxd5 bxa3 26. bxa3 1/2-1/2

[Event "Rotterdam k.o."]
[Site "Rotterdam NED"]
[Date "1990.??.??"]
[Round "1"]
[White "Van Wely, Loek"]
[Black "Van de Oudeweetering, Arthur"]
[Result "0-1"]
[WhiteElo "2445"]
[BlackElo "2345"]
[PlyCount "148"]
[EventDate "1990.??.??"]
[Source "www.chesslib.no"]
[SourceDate "2004.05.04"]

1. e4 e5 2. Nf3 Nc6 3. Bc4 Nf6 4. d4 exd4 5. O-O Nxe4 6. Re1 d5 7. Bxd5 Qxd5 8. Nc3 Qh5 9. Nxe4 Be6 10. Bg5 Bd6 11. Bf6 Bxh2+ 12. Nxh2 Qxd1 13. Raxd1 gxf6 14. Nxf6+ Kf8 15. Nf3 Rd8 16. a3 h5 17. Rd2 Rh6 18. Ne4 Rg6 19. b4 a6 20. Nc5 Bc8 21. Re4 Rg4 22. Nh2 Rxe4 23. Nxe4 Ne5 24. Nf6 Bf5 25. Nf3 Nxf3+ 26. gxf3 Bg6 27. Ne4 b6 28. Kg2 Rd5 29. Kg3 c5 30. bxc5 bxc5 31. c4 Re5 32. Kf4 Rf5+ 33. Kg3 Ke7 34. Rb2 h4+ 35. Kxh4 Rxf3 36. Nxc5 Rxa3 37. f4 d3 38. Kg5 Ra5 39. Rb7+ Kf8 40. Kf6 Kg8 41. f5 Rxc5 42. Rb8+ Kh7 43. fxg6+ fxg6 44. Rd8 Rc6+ 45. Kg5 Rc5+ 46. Kf6 Rxc4 47. Rxd3 Rf4+ 48. Kg5 Rf5+ 49. Kg4 a5 50. Rd7+ Kh6 51. Ra7 Rb5 52. Ra6 Rb4+ 53. Kg3 a4 54. Ra5 g5 55. Ra8 Kg7 56. Ra6 Kf7 57. Kf3 Ke7 58. Kg3 Kd7 59. Ra5 g4 60. Kf2 Kc6 61. Ke3 Kb6 62. Ra8 Kb5 63. Kd3 Rb3+ 64. Kc2 g3 65. Rg8 Rf3 66. Rg4 Rf2+ 67. Kc3 g2 68. Rg5+ Kc6 69. Kb4 Ra2 70. Kc4 Kd6 71. Kd4 Ke6 72. Ke4 Kf6 73. Rg8 a3 74. Kf3 Rb2 0-1

[Event "Baden-ch"]
[Site "Leimen"]
[Date "2001.04.16"]
[Round "4"]
[White "Vatter, Hans Joachim"]
[Black "Schlindwein, Rolf"]
[Result "1-0"]
[WhiteElo "2342"]
[BlackElo "2441"]
[PlyCount "41"]
[EventDate "2001.04.13"]
[Source "ChessBase"]
[SourceDate "2001.07.03"]

1. e4 e5 2. Nf3 Nc6 3. Bc4 Nf6 4. d4 exd4 5. O-O Nxe4 6. Re1 d5 7. Bxd5 Qxd5 8. Nc3 Qa5 9. Nxe4 Be6 10. Bd2 Qf5 11. Bg5 h6 12. Qd3 Qg6 13. Qb5 Bb4 14. Ne5 Qh5 15. Nxc6 Bxe1 16. Nxd4+ c6 17. Nd6+ Kd7 18. Qxb7+ Kxd6 19. Qxc6+ Ke5 20. Rxe1+ Kxd4 21. Re4# 1-0

[Event "BCF Ch"]
[Site "Eastbourne"]
[Date "1991.??.??"]
[Round "5"]
[White "Rossiter, Philip J"]
[Black "Wells, Peter K"]
[Result "0-1"]
[WhiteElo "2320"]
[BlackElo "2460"]
[PlyCount "80"]
[EventDate "1991.07.??"]
[Source "www.chesslib.no"]
[SourceDate "2004.05.04"]

1. e4 e5 2. Nf3 Nc6 3. d4 exd4 4. Bc4 Nf6 5. O-O Nxe4 6. Re1 d5 7. Bxd5 Qxd5 8. Nc3 Qa5 9. Nxe4 Be6 10. Bd2 Qh5 11. Bg5 Bd6 12. h4 h6 13. Bf6 O-O 14. Nxd6 cxd6 15. Bxd4 Bg4 16. Bc3 d5 17. a3 d4 18. Bb4 Rfe8 19. Qd3 Bxf3 20. Qxf3 Qxh4 21. Bd6 Rad8 22. Bc7 Rc8 23. Qf5 Qg5 24. Qd7 Rf8 25. Rad1 Qg6 26. b4 a6 27. Rd3 f6 28. Bd6 Rfe8 29. Rxe8+ Rxe8 30. Qxb7 Re1+ 31. Kh2 Ne5 32. Bxe5 Rxe5 33. Qc8+ Kh7 34. Rh3 Rg5 35. Qc6 Rf5 36. Kg1 Qg4 37. Rd3 Qf4 38. f3 Re5 39. Qc4 Qg3 40. Qxd4 Re1# 0-1

[Event "POL-ch 39th"]
[Site "Zielona Gora"]
[Date "1982.??.??"]
[Round "?"]
[White "Bielczyk, Jacek"]
[Black "Panczyk, Krzysztof"]
[Result "1/2-1/2"]
[WhiteElo "2390"]
[BlackElo "2390"]
[PlyCount "53"]
[EventDate "1982.02.13"]
[Source "ChessBase"]

1. e4 e5 2. Nf3 Nc6 3. Bc4 Nf6 4. d4 exd4 5. O-O Nxe4 6. Re1 d5 7. Bxd5 Qxd5 8. Nc3 Qa5 9. Nxe4 Be6 10. Bd2 Bb4 11. c3 dxc3 12. bxc3 Be7 13. c4 Qa6 14. Bg5 Rd8 15. Qb1 O-O 16. Bxe7 Nxe7 17. Nc5 Qxc4 18. Nxe6 fxe6 19. Qxb7 Nd5 20. Qxa7 Rxf3 21. gxf3 Qd3 22. Rad1 Qxf3 23. Qd4 Rf8 24. Rd3 Qf5 25. Rg3 Rf6 26. Qb2 Qh5 27. Qe5 1/2-1/2

[Event "2. GM"]
[Site "?"]
[Date "2005.02.05"]
[Round "5"]
[White "Pourkashiyan Atousa"]
[Black "Agamaliev Djamil"]
[Result "1/2-1/2"]
[WhiteElo "2260"]
[BlackElo "2516"]
[PlyCount "157"]
[EventDate "2005.??.??"]
[Source "www.chesslib.no"]
[SourceDate "2004.05.04"]

1. e4 e5 2. Nf3 Nc6 3. Bc4 Nf6 4. d4 exd4 5. O-O Nxe4 6. Re1 d5 7. Bxd5 Qxd5 8. Nc3 Qh5 9. Nxe4 Be6 10. Nxd4 Qxd1 11. Rxd1 O-O-O 12. Be3 Nxd4 13. Rxd4 Be7 14. a3 h6 15. Rad1 Rxd4 16. Bxd4 Rd8 17. Nc3 Bf8 18. Be5 Re8 19. Bg3 a6 20. h3 Be7 21. Nd5 Bxd5 22. Rxd5 Bf6 23. b3 Re1+ 24. Kh2 Rc1 25. Rc5 c6 26. a4 Kd7 27. Bf4 Rb1 28. Rc4 g5 29. Be3 Be5+ 30. g3 b5 31. axb5 cxb5 32. Re4 Bc3 33. Bd2 Bxd2 34. Rd4+ Kc6 35. Rxd2 a5 36. Rd8 Rb2 37. Kg2 Kc5 38. Kf3 Kb4 39. Rc8 Rb1 40. Rc6 h5 41. h4 gxh4 42. gxh4 Rh1 43. Kg3 Rg1+ 44. Kf3 Rg4 45. Rb6 Rg6 46. Rb7 Rf6+ 47. Ke3 Kc5 48. Ra7 Kb6 49. Ra8 Re6+ 50. Kd3 Rd6+ 51. Kc3 Rf6 52. Rh8 Rf3+ 53. Kb2 Rf5 54. Kc3 Kc5 55. Rc8+ Kb6 56. Rh8 Rf3+ 57. Kb2 Rf5 58. Kc3 Rc5+ 59. Kd3 a4 60. bxa4 bxa4 61. Rb8+ Ka5 62. c3 Rc6 63. c4 Rb6 64. Ra8+ Kb4 65. c5 Rf6 66. Kd4 Rxf2 67. c6 Rd2+ 68. Ke5 Rc2 69. Kd6 f5 70. c7 a3 71. Rb8+ Ka4 72. Ra8+ Kb4 73. Rb8+ Ka4 74. Ra8+ Kb3 75. Rb8+ Ka2 76. c8=Q Rxc8 77. Rxc8 Kb2 78. Rb8+ Kc2 79. Ra8 1/2-1/2

[Event "Groningen Open"]
[Site "Groningen NED"]
[Date "1989.??.??"]
[Round "8"]
[White "Blauert, Joerg"]
[Black "Van der Sterren, Paul"]
[Result "1/2-1/2"]
[WhiteElo "2275"]
[BlackElo "2500"]
[PlyCount "95"]
[EventDate "1989.12.??"]
[Source "www.chesslib.no"]
[SourceDate "2004.05.04"]

1. e4 e5 2. Nf3 Nc6 3. d4 exd4 4. Bc4 Nf6 5. O-O Nxe4 6. Re1 d5 7. Bxd5 Qxd5 8. Nc3 Qa5 9. Nxe4 Be6 10. Neg5 O-O-O 11. Nxe6 fxe6 12. Rxe6 Be7 13. Ne5 Nxe5 14. Rxe7 Rd7 15. Rxd7 Nxd7 16. Bf4 Re8 17. h3 Re4 18. Bg3 Qb4 19. Qd3 Nf6 20. b3 Qc3 21. Qxc3 dxc3 22. Kf1 Nd5 23. Re1 Rxe1+ 24. Kxe1 Kd7 25. Be5 g5 26. Ke2 Ke6 27. Bd4 b6 28. a3 h5 29. g3 h4 30. Kf3 c5 31. Bh8 Kf5 32. Bg7 b5 33. Bf8 c4 34. bxc4 bxc4 35. Bg7 a5 36. Bd4 a4 37. Bh8 Nc7 38. Bxc3 Nb5 39. Bb2 c3 40. Bc1 Nd4+ 41. Ke3 Nxc2+ 42. Kd3 Ne1+ 43. Kxc3 Nf3 44. Kb4 Ng1 45. Bxg5 Kxg5 46. gxh4+ Kxh4 47. Kxa4 Nxh3 48. Kb5 1/2-1/2

[Event "Poznan"]
[Site "Poznan POL"]
[Date "1987.??.??"]
[Round "?"]
[White "Blatny, Pavel"]
[Black "Ostrowski, Leszek"]
[Result "0-1"]
[WhiteElo "2435"]
[BlackElo "2340"]
[PlyCount "82"]
[EventDate "1987.10.??"]
[Source "www.chesslib.no"]
[SourceDate "2004.05.04"]

1. e4 e5 2. Nf3 Nc6 3. Bc4 Nf6 4. d4 exd4 5. O-O Nxe4 6. Re1 d5 7. Bxd5 Qxd5 8. Nc3 Qa5 9. Nxe4 Be6 10. Bd2 Bb4 11. Nxd4 Nxd4 12. c3 Be7 13. cxd4 Qd5 14. Bf4 c6 15. Nc3 Qd7 16. Qa4 b5 17. Qa6 O-O 18. Rad1 Rfe8 19. Qa5 Rad8 20. h3 h6 21. Ne4 Bd5 22. Nc5 Qf5 23. Rxe7 Qxf4 24. Rde1 Rf8 25. Qc3 Qg5 26. Qg3 Qxg3 27. fxg3 Ra8 28. a3 a5 29. Kf2 Rfd8 30. Nb7 Rdb8 31. g4 Kh7 32. h4 Ra7 33. Nc5 Rxe7 34. Rxe7 b4 35. a4 b3 36. Nb7 Kg6 37. Rc7 Ra8 38. Nd6 Kf6 39. Rb7 g6 40. g5+ hxg5 41. hxg5+ Ke6 0-1

[Event "Tuzla"]
[Site "Tuzla"]
[Date "1983.??.??"]
[Round "3"]
[White "Nurkic, Sahbaz"]
[Black "Hazai, Laszlo"]
[Result "1/2-1/2"]
[WhiteElo "2295"]
[BlackElo "2475"]
[PlyCount "22"]
[EventDate "1983.10.??"]
[Source "ChessBase"]

1. e4 e5 2. Nf3 Nc6 3. d4 exd4 4. Bc4 Nf6 5. O-O Nxe4 6. Re1 d5 7. Bxd5 Qxd5 8. Nc3 Qa5 9. Nxe4 Be6 10. Neg5 O-O-O 11. Nxe6 fxe6 1/2-1/2